Normal view
MARC view
Entry Personal Name
001 - CONTROL NUMBER
- control field: 25617
003 - CONTROL NUMBER IDENTIFIER
- control field: dpl
005 - DATE AND TIME OF LATEST TRANSACTION
- control field: 20110125173240.0
008 - FIXED-LENGTH DATA ELEMENTS
- fixed length control field: 110125|||a|||||| | ||| d
040 ## - CATALOGING SOURCE
- Original cataloging agency: dpl
- Transcribing agency: dpl
100 ## - HEADING--PERSONAL NAME
- Personal name: वीरेन्द्र कुमार
670 ## - SOURCE DATA FOUND
- Source citation: Work cat.: (dpl)50112: वीरेन्द्र कुमार, व्यावसायिक संचार कुश्लताएँ-वर्कशाप /, 2009
670 ## - SOURCE DATA FOUND
- Source citation: Work cat.: (dpl)50112: वीरेन्द्र कुमार, व्यावसायिक संचार कुश्लताएँ-वर्कशाप /, 2009
